|
|
|
|
| LEADER |
00850nam a22002297a 4500 |
| 001 |
AAL4460 |
| 003 |
BD-DhAAL |
| 005 |
20160713120444.0 |
| 008 |
160713s 1994bg ||||| |||| 00| 0 ben d |
| 020 |
|
|
|a 984073086X
|
| 040 |
|
|
|a BD-DhAAL
|c BD-DhAAL
|
| 082 |
|
|
|a 930
|
| 245 |
|
|
|a ইতিবৃত্ত /
|c অনুবাদ শাহেদ আলী
|
| 260 |
|
|
|a ঢাকা :
|b বাংলা একাডেমী,
|c ১৯৯৪
|
| 300 |
|
|
|a ৫৯৮ পৃ. ;
|c ২২ সে.মি.
|
| 541 |
|
|
|e 4460
|
| 650 |
|
|
|a History, Ancient.
|9 19851
|
| 700 |
|
|
|a আলী, শাহেদ
|9 19852
|
| 852 |
|
|
|a Savar Campus Library
|c General Shelf
|
| 942 |
|
|
|2 ddc
|c BK
|
| 999 |
|
|
|c 37661
|d 37661
|
| 952 |
|
|
|0 0
|1 0
|2 ddc
|4 0
|6 930_000000000000000_ETI
|7 0
|9 59230
|a SCL
|b SCL
|c GEN
|d 2016-07-13
|g 225.00
|l 1
|o 930 ETI
|p 3020004460
|r 2018-09-26
|s 2018-09-20
|t 1
|w 2016-07-13
|y BK
|